| 000 | 01026nam a22002897a 4500 | ||
|---|---|---|---|
| 005 | 20220329141257.0 | ||
| 008 | 971010s1990 r 10010 d | ||
| 010 | _a65613 | ||
| 011 | _a66585 | ||
| 035 | _a74978 | ||
| 082 |
_a636.08 _bR4 1990 |
||
| 111 | 0 | 0 |
_aReunión Nacional de Investigación Pecuaria ( _d1990 _c: Villahermosa, Tab.) _996501 |
| 245 | _aMemoria | ||
| 260 |
_aVillahermosa, Tab. : _bLa Secretaría, _c1990 |
||
| 300 | _a668 p. | ||
| 500 | _a1992/66 | ||
| 590 |
_aBATCH-UPD _b10 _c20130110 _lUCH01 _h0449 |
||
| 590 |
_aBATCH-UPD _b10 _c20130410 _lUCH01 _h0126 |
||
| 590 |
_aBATCH-UPD _b10 _c20130914 _lUCH01 _h1500 |
||
| 590 |
_aCONVERSION _b10 _c20130109 _lUCH01 _h1336 |
||
| 650 | 1 | 4 |
_aGanadería _xCongresos. _944677 |
| 650 | 1 | 4 |
_aGanadería _xInvestigación. _944756 |
| 710 | 0 |
_aMéxico. _bSecretaría de Agricultura y Recursos Hidráulicos _976864 |
|
| 901 | _aBK | ||
| 949 |
_a636.08 R4 1990 _bZ _cLIBRO _d-67581 _eLIBRO _fc.2 _h1288 _i74978 _si |
||
| 949 |
_a636.08 R4 1990 _bZ _cLIBRO _d-7893 _eLIBRO _h1208 _i74978 _si |
||
| 999 |
_c65613 _d65613 |
||